[Event "Olympiad"]
[Site "Nice"]
[Date "1974.06.25"]
[Round "10"]
[White "McKay, Roderick"]
[Black "Biyiasas, Peter"]
[Result "0-1"]
[WhiteElo "2330"]
[BlackElo "2420"]
[Annotator "John Upper"]
[PlyCount "68"]
[EventDate "1974.??.??"]
[EventType "team"]
[EventCountry "FRA"]
[SourceTitle "Chess Canada Tactiosauru"]
[Source "CFC/John Upper"]
[SourceDate "2023.03.11"]
[SourceVersion "1"]
[SourceVersionDate "2023.03.11"]
[SourceQuality "1"]

{[%evp 0,68,26,12,10,24,17,22,18,2,20,-4,54,9,5,-34,13,16,20,4,12,23,22,36,55,
41,58,75,92,90,79,61,64,-3,-19,-1,-20,-37,-12,-83,-79,-85,-55,-68,-44,-73,-41,
-43,-37,-56,-70,-99,-172,-156,-159,-152,-159,-164,-165,-154,-154,-203,-168,
-183,-177,-242,-374,-311,-337,-337,-374]} 1. e4 e5 2. Nf3 Nc6 3. Bb5 a6 4. Ba4
d6 5. d3 g6 6. c3 Bg7 7. Nbd2 Nh6 8. Nf1 Bd7 9. h4 f6 10. h5 g5 11. Ne3 Nf7 12.
Bb3 h6 13. Nh2 O-O 14. Qf3 Qc8 15. Nhg4 Kh7 16. Bd1 Ne7 17. Bc2 Kh8 18. O-O d5
19. Nh2 d4 20. Neg4 f5 21. exf5 Nxf5 22. Bd2 c5 23. Bb3 Bc6 24. Qe2 Qc7 25. Nf3
Rae8 26. cxd4 Nxd4 27. Nxd4 exd4 28. Qd1 Ne5 29. Nxe5 Bxe5 30. Qg4 Bh2+ 31. Kh1
Bf4 32. Rad1 (32. Bxf4 Rxf4 33. Qg3 Re2 34. Kg1 Qe5 {with tremendous pressure
and a winning bind.}) 32... Bxd2 33. Rxd2 Rf4 34. Qg3 {[%mdl 32832] Diagram [#]
What happens if ...Re3?} Re3 $3 {White resigns! A move Alekhine would proud of.
If White takes the Re3 the win is obvious. But what if he's stubborn?} (34...
Re3 $3 {...but what if he's stubborn?} 35. Qh2 (35. fxe3 Rxf1+ 36. Kh2 Rh1+ $19
) 35... g4 $1 {threatening ...Rh3} (35... Rh4 $2 36. Qxh4 $13) 36. Kg1 {
(unpinning the g-pawn)} g3 $1 37. fxg3 Rxf1+ 38. Kxf1 Qe5 39. Rd1 Rxg3 40. Rd2
Qe3 $19 {Material is equal but White's K is exposed and his majors are in a
bind. Black might continue with ...Rg4-f4.}) 0-1

[Event "Olympiad"]
[Site "Buenos Aires"]
[Date "1978.11.06"]
[Round "11"]
[White "Gamarra Caceres, Carlos"]
[Black "Piasetski, Leon"]
[Result "0-1"]
[WhiteElo "2335"]
[BlackElo "2350"]
[Annotator "John Upper"]
[PlyCount "36"]
[EventDate "1978.??.??"]
[EventType "team"]
[EventCountry "ARG"]
[SourceTitle "Chess Canada Tactiosauru"]
[Source "CFC/John Upper"]
[SourceDate "2023.03.11"]
[SourceVersion "1"]
[SourceVersionDate "2023.03.11"]
[SourceQuality "1"]

{[%evp 0,36,19,38,40,41,41,1,24,-10,1,-6,8,33,70,3,26,27,33,63,71,-18,-4,-15,
-13,-69,-46,-27,-17,-111,-88,-70,-49,-37,-64,-359,-404,-29993,-29994]} 1. e4 c5
2. Nf3 e6 3. c3 d5 4. e5 Bd7 5. d4 Qb6 6. Be2 Bb5 7. c4 Bxc4 8. Bxc4 dxc4 9. d5
Ne7 10. dxe6 Qxe6 11. O-O Nbc6 12. Nbd2 Ng6 13. Ng5 Qd5 14. Qa4 Ngxe5 15. f4
Qd4+ 16. Kh1 Nd3 {[%mdl 32832] Critical Position[#] Black is behind in
development but has two extra pawns. What should White do: Qxc4, Nxc4,
something else?} 17. Nxc4 $2 (17. Qxc4 $2 Qxc4 $8 (17... Nf2+ $4 18. Rxf2 Qxf2
19. Qxf7+ Kd8 20. Ne6+ Kc8 21. Qc7#) 18. Nxc4 Be7 $19 {Black is up a pawn for
free.}) ({The answer is "something else", but White is still significantly
worse:} 17. Ngf3 $142 Nf2+ $2 (17... Qd7 $1 $17) 18. Kg1 $8 Nh3+ 19. Kh1 Nf2+ (
19... Qg1+ $4 20. Nxg1 {is not how smothered mate works.}) 20. Kg1 $11) 17...
b5 $3 {This fork deflects the Q from defending d1, and is the only move that
not only keeps an advantage, but wins.} (17... Nf2+ $4 18. Rxf2 Qxf2 19. Be3
$18 {White is down the exchange but has a winning lead in development:} Qh4 (
19... Qe2 20. Qb5 $18) 20. Ne5 $18) 18. Qxb5 Nf2+ {It's either a smothered
mate (after 19.Kg1 Nh3+) or a back rank mate after 19.Rxf2 Qd1+).} 0-1

[Event "Olympiad"]
[Site "Buenos Aires"]
[Date "1978.11.07"]
[Round "12"]
[White "Preissmann, Emmanuel"]
[Black "Day, Lawrence"]
[Result "0-1"]
[WhiteElo "2320"]
[BlackElo "2365"]
[Annotator "John Upper"]
[PlyCount "50"]
[EventDate "1978.??.??"]
[EventType "team"]
[EventCountry "ARG"]
[SourceTitle "Chess Canada Tactiosauru"]
[Source "CFC/John Upper"]
[SourceDate "2023.03.11"]
[SourceVersion "1"]
[SourceVersionDate "2023.03.11"]
[SourceQuality "1"]

{[%evp 0,50,29,28,73,84,84,73,81,80,80,71,54,64,34,10,5,12,8,6,14,8,45,16,36,
20,24,30,27,48,38,51,19,27,67,59,20,39,43,-9,42,-19,33,9,55,-34,-38,-112,-89,
-94,-99,-29991,-29994]} 1. e4 g6 2. d4 Bg7 3. Nc3 c5 4. dxc5 Qa5 5. Nge2 Nf6 6.
Qd3 Na6 7. Be3 O-O 8. f3 Nxc5 9. Qb5 Qxb5 10. Nxb5 d6 11. Nc7 Rb8 12. e5 Ne8
13. Nd5 Bxe5 14. Nxe7+ Kh8 15. O-O-O Be6 16. Nd5 b5 17. Nef4 Ng7 18. Nxe6 fxe6
19. Nb4 Nf5 20. Bf2 Na4 21. Nd3 Bg7 {[%mdl 32832] Critical Position [#]Re1 or
Bxa7?} 22. Bxa7 $4 (22. Re1 $142 $14 {attacking the Pe6 gains a tempo to make
space for the K.}) 22... Ra8 $8 $19 23. Bf2 Nxb2 $3 24. Nxb2 Rxa2 25. g4 $2 (
25. Nd3 $2 Bc3 $1 {#2}) (25. Kd2 $8 Rxb2 $19) 25... Bc3 $1 (25... Bc3 $1 26.
Kb1 Rfa8 {mates.}) 0-1

[Event "Ontario op"]
[Site "Hamilton CAN"]
[Date "1980.05.19"]
[Round "6"]
[White "Brown, Grant"]
[Black "Pacey, Kevin"]
[Result "0-1"]
[WhiteElo "1680"]
[BlackElo "1899"]
[Annotator "John Upper"]
[PlyCount "40"]
[EventDate "1980.05.17"]
[EventType "swiss"]
[EventRounds "6"]
[EventCountry "CAN"]
[SourceTitle "Chess Canada Tactiosauru"]
[Source "CFC/John Upper"]
[SourceDate "2023.03.11"]
[SourceVersion "1"]
[SourceVersionDate "2023.03.11"]
[SourceQuality "1"]

1. Nf3 c5 2. e4 d6 3. d4 cxd4 4. Nxd4 Nf6 5. Nc3 g6 6. Be3 Bg7 7. f3 O-O 8. Bc4
Nc6 9. Qd2 Bd7 10. h4 Ne5 11. Bb3 {[#]} Qa5 (11... h5 $1 {is the modern line
-- popularized by English GM Jon Mestel, who played it in 1975 -- but might
not have been known by the players.}) 12. h5 Nxh5 13. g4 Nf6 14. Bh6 Bxh6 15.
Qxh6 Rfc8 {[%mdl 32832] [#] Critical Position Should White connect Rs with 000
or Kd2, or something else?} 16. Kd2 $4 {This position would be OK if it were
White's move -- g5! followed by an exchange sac on h5 -- but it isn't, and
Black gives him a lesson in the Dragon counterattack:} (16. O-O-O $142 $6 Rxc3
$8 {(otherwise Nd5 wins by removing the guard on f6)} 17. bxc3 Qxc3 18. Kb1 Rc8
19. Rhf1 $2 (19. Nf5 $8 gxf5 (19... Bxf5 20. gxf5 Nc4 $17) 20. gxf5 Qxf3 21.
Rdg1+ Neg4 22. Rh4 $13) 19... a5 $1 $19 20. a4 Nc4 21. Qc1 Qb4 22. Ka2 Bxa4 $19
{(0-1, 29) Golubka,P (2503)-Korol,D (2291) Lutsk, 2018.}) ({Retreating the Q
must feel like an admission that White's mating attack -- "sac, sac, mate" --
is not going to come; but it's better than getting smashed by Black's attack.} 
16. Qe3 $142 Nc4 (16... Rxc3 $5 17. Qxc3 Qxc3+ 18. bxc3 Rc8 (18... g5 $5 $13)
19. g5 Nh5 $13 {(1-0, 75) Cain,C (2310)-Myo,N (2425) Bangkok, 2004.}) 17. Bxc4
Rxc4 18. O-O-O Rxc3 $5 $13 (18... Rac8 $5)) (16. Nde2 Nxf3+ $19) (16. Qd2 $142
Be6 $5 {since the Nd4 must guard f3.} (16... Rc4 $5 {is a different kind of
exchange sac.})) 16... Rxc3 $1 $19 17. bxc3 Rc8 $1 {[#]} 18. Qe3 (18. Ne2 {
defends c3, but} Nxf3+ {and White loses all his kingside pawns.}) 18... Rxc3 $3
19. Qxc3 Nxf3+ $8 20. Kd3 (20. Nxf3 Nxe4+ $19) 20... Ne5+ $8 {Black wins the Q
with a continuing attack.} (20... Ne5+ 21. Kd2 Nxe4+ $19) 0-1

[Event "Toronto Closed"]
[Site "Toronto CAN"]
[Date "1981.02.05"]
[Round "1"]
[White "Fuster, Geza"]
[Black "Kourkounakis, Ilias"]
[Result "0-1"]
[WhiteElo "2238"]
[BlackElo "2319"]
[Annotator "John Upper"]
[PlyCount "50"]
[EventDate "1981.02.07"]
[EventType "tourn"]
[EventRounds "11"]
[EventCountry "CAN"]
[SourceTitle "Chess Canada Tactiosauru"]
[Source "CFC/John Upper"]
[SourceDate "2023.03.11"]
[SourceVersion "1"]
[SourceVersionDate "2023.03.11"]
[SourceQuality "1"]

1. d4 c5 2. c3 Nf6 3. Nf3 d5 4. Bg5 Ne4 5. Bh4 cxd4 6. cxd4 Nc6 7. Nc3 Qa5 8.
Qb3 e6 9. e3 Qb4 10. Qc2 Qa5 11. Rc1 Bd7 12. a3 Rc8 {[%mdl 32832] [#] Critical
Position Bd3, Bb5, or something else.} 13. Bd3 $4 {Perfectly natural, but
losing!  The game line and variations below show how even an opening with as
boring a reputation as the exchange Slav can be a tactical minefield.} (13. Bb5
$4 Nxc3 14. Bxc6 Ne4+ 15. b4 Bxb4+ $8 $19) (13. Nd2 $142 Nxc3 14. Nb3 $1 Qb6
15. Qxc3 Nxd4 $15 16. Qxd4 (16. Qxc8+ $2 Bxc8 17. Rxc8+ Kd7 18. Rd8+ Qxd8 19.
Bxd8 Nxb3 $19) 16... Qxb3 17. Rxc8+ Bxc8 18. Qxa7 Bd6 $15) (13. Qb3 $142 $1 b5
$5 {[#] Analysis Diagram Development is equal, but Black has a pawn sac!?} 14.
Qxb5 (14. Bxb5 $4 Nxc3 15. bxc3 (15. Rxc3 $4 Rb8 {and ...a6 wins the Bb5.})) (
14. Bd3 $2 b4 $1 15. Nxe4 bxa3+ 16. Ned2 Rb8 $8 $19 {with ...axb2 Black
already has two pawns for the N, but also has too many ways to attack the
queenside (...Nb4. ...Ba4).}) (14. Be2 Nxc3 15. Qxc3 $8 (15. Rxc3 $2 b4 $19)
15... Qxc3+ 16. Rxc3 b4 17. Rd3 {to save the a-pawn,} Na5 $15 {with a
queenside initiative.}) 14... Bxa3 $1 15. Qxa5 Nxa5 16. bxa3 Rxc3 17. Rxc3 Nxc3
{White has the Bs (for now), but after ...f6 his N is worse than Black's. SF15
and Leela both slightly prefer Black.}) 13... Nxc3 $19 14. Qxc3 (14. bxc3 Bxa3
15. Ra1 Nb4 $8 $19) 14... Nb4 $1 15. Qxc8+ Bxc8 16. Rxc8+ Kd7 17. Rd8+ Kc7 {[#]
} 18. Ke2 (18. axb4 Bxb4+ {and ...Rxd8.}) 18... Nxd3 $8 (18... Nc6 $2 19. Ra8
$14) 19. Kxd3 Qb5+ 20. Kc2 Bxa3 $1 21. Rxh8 Qxb2+ 22. Kd3 Qb5+ $1 23. Kc2 Qc4+
24. Kd2 Bb4+ 25. Kd1 Qd3+ 0-1

[Event "Olympiad"]
[Site "Dubai"]
[Date "1986.11.23"]
[Round "8"]
[White "Braga, Fernando"]
[Black "Day, Lawrence"]
[Result "0-1"]
[WhiteElo "2480"]
[BlackElo "2375"]
[Annotator "John Upper"]
[PlyCount "98"]
[EventDate "1986.??.??"]
[EventType "team"]
[EventCountry "UAE"]
[SourceTitle "Chess Canada Tactiosauru"]
[Source "CFC/John Upper"]
[SourceDate "2023.03.11"]
[SourceVersion "1"]
[SourceVersionDate "2023.03.11"]
[SourceQuality "1"]

1. e4 e5 2. Nf3 Nc6 3. Bb5 g6 4. O-O Bg7 5. c3 a6 6. Ba4 d6 7. d4 Bd7 8. Re1
Qe7 9. Be3 Nf6 10. d5 Nb8 11. Bc2 Ng4 12. Bd2 b6 13. c4 f6 $6 14. b4 O-O 15.
Nc3 f5 16. exf5 gxf5 17. h3 Nh6 18. c5 bxc5 19. bxc5 Bc8 20. c6 a5 21. Nb5 Kh8
22. a4 Qf7 {[#]} 23. Bc3 (23. Ng5 $1 $18 {and Black is getting masacred in a
very bad KID.}) 23... Na6 24. Bxa5 Bf6 25. Ra3 Rg8 26. Nh2 $2 f4 $132 27. Kh1
Bh4 28. Re2 (28. Nf3 Bxf2 29. Nxe5 dxe5 30. Rxe5 $18) 28... Qg7 29. f3 Nf5 30.
Bxf5 Bxf5 31. Bc3 Rae8 32. Ra1 h5 33. Ba5 Bf6 34. Rc1 (34. Bxc7 Nxc7 35. Nxd6
$16) 34... Bd8 35. Bc3 $2 Nc5 36. Rd2 Nd3 37. Rcc2 Qg6 $1 38. Ra2 Nc5 $6 39.
Ba5 Rg7 40. Bc3 Reg8 41. Ra1 Bh4 42. Ba5 {[%mdl 32832] Diagram [#] Critical
Position Find a pretty way to finish off White.} Nd3 $1 (42... Bxh3 {is the
brute force way, but Black's actual continuation is prettier:} 43. gxh3 Nb3 44.
Ng4 (44. Qxb3 Qg1+ 45. Rxg1 Rxg1#) 44... Nxd2 45. Bxd2 hxg4 $19) (42... e4 {
also wins.}) 43. Qf1 Bxh3 $1 44. gxh3 (44. Qxd3 Qxd3 {(taking on g2 also mates
faster, but this is very simple)} 45. Rxd3 Bxg2+ 46. Kg1 Bxf3+ $19) 44... Be1
$1 {Interfering with the defence of g1 by cutting off the Ra1. Going 45... Ne1
also works, but this move also skewers the Ba5.} 45. Rxe1 Nxe1 46. Ng4 hxg4 $1
(46... Nxf3 $19) 47. hxg4 Rh7+ 48. Rh2 Nxf3 49. Qxf3 Qb1+ {and Black wins the
Rh2. Lawrence Day won a Bronze Medal at this Olympiad.} 0-1

[Event "Quebec-ch"]
[Site "Montreal"]
[Date "1987.05.28"]
[Round "2"]
[White "Ivanov, Igor Vasilievich"]
[Black "Leveille, Francois"]
[Result "1-0"]
[WhiteElo "2495"]
[BlackElo "2249"]
[Annotator "John Upper"]
[PlyCount "39"]
[EventDate "1987.05.27"]
[EventType "tourn"]
[EventRounds "9"]
[EventCountry "CAN"]
[SourceTitle "Chess Canada Tactiosauru"]
[Source "CFC/John Upper"]
[SourceDate "2023.03.11"]
[SourceVersion "1"]
[SourceVersionDate "2023.03.11"]
[SourceQuality "1"]

{[%evp 0,20,24,24,25,9,13,-6,-5,-5,-12,-3,17,17,27,32,41,16,62,62,52,57,47]} 1.
Nf3 Nf6 2. c4 e6 3. g3 d5 4. Bg2 Be7 5. d4 O-O 6. O-O c5 7. cxd5 Nxd5 8. e4 Nb6
9. dxc5 Qxd1 10. Rxd1 Bxc5 11. Nc3 Nc6 12. Bf4 Bd7 $2 (12... f6 $142 13. Rac1
e5 14. Nb5 (14. Nd5 $14 {(½-½, 24) Timman,J (2605)-Khalifman,A (2688) Wijk
aan Zee, 2002.}) 14... exf4 15. Rxc5 {½-½ Portisch,L (2610)-Dlugy,M (2520)
New York, 1987.}) 13. Rac1 Rfc8 14. Nb5 {[%mdl 32832] [#]Critical Position Can
Black untangle with ...Ne5, or should he just suffer with ...Bf8.} Ne5 $2 (
14... Bf8 15. b3 {and Black is getting squeezed, but it's not over.}) 15. Nc7
$8 $18 Rxc7 (15... Nxf3+ 16. Bxf3 $18 {with a double attack on a8 and c5.}) 16.
Nxe5 $8 (16. Bxe5 $2 Rcc8 $11) 16... Ba4 (16... g5 17. Bxg5 ({or} 17. Be3)) (
16... Bb5 17. Nd3 $19) 17. b3 $8 Bb5 18. Nd3 $1 (18. b4 {also wins.}) 18...
Bxd3 19. Bxc7 Ba3 20. Rc3 1-0

[Event "Saint John op-2"]
[Site "Saint John"]
[Date "1988.??.??"]
[Round "?"]
[White "Southam, Todd"]
[Black "Foisor, Ovidiu"]
[Result "1/2-1/2"]
[WhiteElo "2455"]
[BlackElo "2495"]
[Annotator "John Upper"]
[PlyCount "152"]
[EventDate "1988.02.08"]
[EventType "swiss"]
[EventRounds "9"]
[EventCountry "CAN"]
[SourceTitle "Chess Canada Tactiosauru"]
[Source "CFC/John Upper"]
[SourceDate "2023.03.11"]
[SourceVersion "1"]
[SourceVersionDate "2023.03.11"]
[SourceQuality "1"]

{[%evp 0,152,20,20,30,-23,0,-10,17,17,37,6,4,8,-7,2,20,41,28,35,35,8,10,39,56,
27,51,51,50,70,70,60,80,83,67,68,74,52,114,78,88,53,63,60,124,126,125,125,97,
133,150,166,177,168,155,135,169,153,217,211,210,231,251,249,211,77,74,-85,-90,
-109,-106,-167,-92,-99,-102,-117,-67,-61,-61,-61,-47,-17,-13,-78,-81,-49,0,0,
26,-88,-75,0,0,-75,-53,-89,-59,-16,-9,-17,-23,0,0,-14,-73,-141,-80,-77,-132,
-160,-137,-213,-213,-230,-232,-258,-272,-263,-260,-264,-175,-226,-175,-253,
-209,-244,-185,-300,-184,-258,-194,-216,-194,-216,-221,-229,-231,-185,7,-179,
-113,0,0,0,110,120,120,145,128,135,123,119,118,118,145]} 1. d4 Nf6 2. c4 e6 3.
Nc3 Bb4 4. e3 b6 5. Nge2 Bb7 6. a3 Be7 7. Ng3 O-O 8. e4 d6 9. Be3 Nbd7 10. Bd3
Re8 11. O-O Bf8 12. Be2 a6 13. f4 e5 14. fxe5 dxe5 15. d5 Bc5 16. Qd2 a5 17.
Kh1 Bxe3 18. Qxe3 Nc5 19. Rf2 Rf8 20. Nf5 Ne8 21. Raf1 f6 22. b4 axb4 23. axb4
Na6 24. Rb1 Bc8 25. c5 Kh8 26. Bb5 Nb8 27. Rff1 g6 28. Ng3 Kg7 29. Ra1 Rxa1 30.
Rxa1 bxc5 31. bxc5 $18 c6 32. Ra7+ $2 Rf7 33. Ra8 Bb7 34. Ra1 cxb5 $17 35. Nxb5
Ba6 36. Nc3 Rb7 37. c6 Qb6 38. Nf5+ gxf5 39. Qg3+ Kh8 40. cxb7 Bxb7 41. Rb1 Qc7
42. Qf2 Bc8 43. Nb5 Qd8 44. Qc5 Nd7 45. Qc6 Nf8 46. Na7 Bd7 47. Qc5 Kg8 48. Nc6
Bxc6 49. dxc6 fxe4 50. Qc4+ Kg7 51. Rb7+ (51. Qxe4 $13) 51... Nc7 52. h4 e3 53.
Qg4+ Kf7 54. Qe4 Qd6 55. Qxe3 Qxc6 56. Qb3+ Nfe6 57. Rb6 Qe4 58. Rb4 Qe1+ 59.
Kh2 Qd2 60. Qc4 Qd6 61. Qc3 Nd4 62. h5 Nce6 63. Ra4 Qb6 64. Qa3 Nc7 65. Qa2+
Kg7 66. Ra3 Nde6 67. Rd3 Qc6 68. Qd2 {[%mdl 32832] [#] Critical Position Black
has a winning material advantage, but only if he can get his Ns going. Where
should he move the Ne6?} Ng5 $2 (68... Nd4 $2 69. Rg3+ Kf7 $8 70. Qh6 $8 $11) (
68... Nc5 $2 69. Rg3+ Kf7 70. Qh6 $11) (68... Nf4 $2 69. Rc3 $11) (68... h6 $2
69. Rd7+ Kg8 70. Qd3 $8 $11) (68... Nf8 $1 $19 {guarding d7 and h7 before
improving the other N is the only good move for the Ne6.}) 69. Rd7+ $2 (69. Rc3
$8 $11 {Too simple to see, or overpressing for the win? This wins the Nc7, but
not the game:} Qb6 (69... Ne4 $2 70. Rxc6 Nxd2 71. Rxc7+ Kh6 72. g4 f5 73. Kh3
$8 $18) 70. Qd7+ Kh6 $8 71. Rxc7 Kxh5 $11 {Both K's are too exposed to play
for a win.}) 69... Nf7 $2 (69... Kg8 $8 $19 70. Rd8+ Ne8 $8 71. Qa2+ Nf7 $19) {
[#]} 70. h6+ $1 ({Or} 70. Qd3 $1 {followed by h6+} Ne6 (70... e4 $2 71. Qg3+
$18 {wins c7.}) 71. h6+ $8 Kg8 72. Rxf7 $8 Kxf7 73. Qxh7+ Kf8 $8 74. Qh8+ Ke7
$8 (74... Kf7 $2 75. h7 $18) 75. h7 (75. Qh7+ $11) 75... Qe4 $11 {and Black
forces a repetition.}) 70... Kg8 71. Qd3 $8 {Threat Qg3+ or Rxf7 as in the
previous note.} f5 (71... Ne6 72. Rxf7 $8 Kxf7 73. Qxh7+ Kf8 $8 74. Qh8+ $11)
72. Qg3+ Qg6 $8 73. Qxg6+ hxg6 74. h7+ Kh8 $8 75. Rxf7 Ne6 76. Re7 Ng5 1/2-1/2

[Event "Wentworth Active"]
[Site "Ancaster"]
[Date "1993.08.??"]
[Round "?"]
[White "Day, Lawrence"]
[Black "Nickoloff, Bryon"]
[Result "0-1"]
[WhiteElo "2473"]
[BlackElo "2518"]
[Annotator "John Upper"]
[PlyCount "68"]
[EventDate "1993.08.??"]
[EventType "rapid"]
[EventCountry "CAN"]
[SourceTitle "Chess Canada Tactiosauru"]
[Source "CFC/John Upper"]
[SourceDate "2023.03.11"]
[SourceVersion "1"]
[SourceVersionDate "2023.03.11"]
[SourceQuality "1"]

{[%evp 0,68,20,-11,-5,-10,-15,-14,28,17,15,15,15,-11,20,20,21,-1,21,0,6,4,31,0,
25,21,16,16,53,16,24,16,31,-7,22,-7,-7,-234,-256,-206,-206,-210,-213,-227,-232,
-227,-228,-317,-267,-246,-267,-283,-229,-212,-213,-280,-311,-330,-267,-330,
-311,-459,-476,-488,-496,-497,-498,-550,-544,-572,-570]} 1. g3 d5 2. Nf3 Nf6 3.
Bg2 c6 4. O-O Bf5 5. d3 e6 6. b3 Be7 7. Bb2 O-O 8. e3 a5 9. a4 h6 10. Qe2 Bh7
11. Nc3 Nbd7 12. e4 Nc5 13. e5 Ne8 14. Bh3 Nc7 15. Nd4 N7a6 16. Kh1 Nb4 17.
Rad1 Qb6 {[%mdl 32832] [#] Critical Position} 18. Qe3 $4 {Black was
threatening ...Nxd3 with a discovered attack on the Nd4. White's move protects
the Nd4, but allows a different tactic, which Black found.} (18. Qd2 $2 Ncxd3
$1 $19) (18. Nf3 $142 {is better than the game, but it's hard to see what
White is playing for after this.}) (18. Nb1 $142 $1 {defending Nd4, ready to
push f4.}) 18... Nxc2 $3 $19 19. Nxc2 Qxb3 $8 20. Qc1 {Defending the forked
minors, but} Nxd3 {Forking c1 and b2.} 21. Rxd3 $8 Bxd3 22. Na1 Qc4 23. Re1 Bb4
{[#] Black is winning with three pawns and a Rook for the two Ns. He converts
by ruthlessly pushing his passed d-pawn.} 24. Rd1 d4 25. Nb1 Qxc1 26. Rxc1 c5
27. Bg2 Rad8 28. Na3 Be2 29. Bf1 d3 30. Nb3 Bxf1 31. Rxf1 d2 32. Rd1 Rd3 33.
Nc4 Rxb3 34. Kg2 Rd8 0-1

[Event "North Bay op"]
[Site "North Bay"]
[Date "1994.??.??"]
[Round "8"]
[White "Shirov, Alexei"]
[Black "Nickoloff, Bryon"]
[Result "1/2-1/2"]
[WhiteElo "2740"]
[BlackElo "2390"]
[Annotator "John Upper"]
[PlyCount "92"]
[EventDate "1994.??.??"]
[EventType "swiss"]
[EventRounds "8"]
[EventCountry "CAN"]
[SourceTitle "Chess Canada Tactiosauru"]
[Source "CFC/John Upper"]
[SourceDate "2023.03.11"]
[SourceVersion "1"]
[SourceVersionDate "2023.03.11"]
[SourceQuality "1"]

{[%evp 0,92,19,38,25,16,16,3,15,-10,3,-3,1,10,13,25,29,2,0,-26,-1,-12,-14,-6,
-1,10,13,0,17,26,24,30,30,-1,64,48,27,-15,-10,-11,-12,-17,17,-18,-23,-11,4,0,
13,-5,10,-2,17,0,0,0,-17,-172,27,-54,20,-86,-86,-149,76,6,30,34,16,20,11,23,25,
-3,-22,-30,-34,-31,-29,-29,-16,-20,-24,-14,0,0,0,0,0,-29,-28,0,-14,-16,-15]} 1.
e4 e5 2. Nf3 Nc6 3. Bb5 a6 4. Ba4 Nf6 5. O-O b5 6. Bb3 Bb7 7. d3 Bd6 8. c3 O-O
9. Nbd2 h6 10. d4 Re8 11. Re1 Bf8 12. Nf1 d6 13. Ng3 {This position is more
commonly reached with White to move, having saved a tempo by playing d2-d4 in
one move.} Na5 14. Bc2 Nc4 15. b3 Nb6 16. a4 c5 17. dxc5 dxc5 18. Qe2 bxa4 19.
bxa4 a5 20. Nd2 c4 21. Nxc4 Nxc4 22. Qxc4 Rc8 23. Qa2 Rxc3 24. Bb3 Re7 25. Bb2
Rd3 26. Bc4 Rd2 27. Qb3 (27. Nf1 Rc2 28. Qb3 Bxe4 29. Rxe4 Rxb2 $15) 27... Bc6
28. Nf5 $2 {[%mdl 32832] [#]} Nxe4 $6 {Not a bad move -- it starts a series of
exchanges which result in a balanced endgame -- but not nearly the best.} (
28... Rb7 $142 $8 $19 {Skewers the Bb2.} 29. Qg3 (29. Bb5 {saves the Bb2, but
leaves Black in charge after the simple} Bxb5 30. axb5 Bc5 $19) 29... Nxe4 $3 (
29... Rbxb2 $4 30. Nxh6+ $8 Kh7 (30... Kh8 $2 31. Nxf7+ $19) 31. Nxf7 $18 {
threatening Qd8 and Q-h-file mate.}) (29... Kh7 {L.Day, in "Nick's Best", is
also good, but after} 30. Ba3 $15 {it's still a fight.}) 30. Rxe4 (30. Nxh6+
Kh7 {White has too many bits hanging.}) (30. Bxf7+ Kxf7 $19 {just makes it
worse.}) 30... Bxe4 31. Nxh6+ Kh7 32. Nxf7 Rxf7 33. Qh3+ (33. Bxf7 Rd1+ $19 {
mates.}) 33... Kg8 34. Bxf7+ Kxf7 $19) 29. Nxe7+ $8 Qxe7 30. Rad1 Rxf2 $1 31.
Rxe4 $8 {[#]} Qc5 $5 (31... Qa7 $142 {gets off the a3-f8 diagonal, and so
avoids White's next} 32. Qe3 $1 Bc5 $5 (32... Qxe3 33. Rxe3 Rxg2+ 34. Kf1 Rxb2
$13) 33. Rd8+ $1 Kh7 34. Bd4 $8 exd4 $8 (34... Bxd4 35. Rexd4 $18) 35. Qxf2
Bxe4 (35... d3 $4 36. Red4 $8 $18) 36. Qxf7 $14 {with a pawn-up version of
what happens in the game.}) (31... Rxb2 $142 32. Qxb2 Bxe4 $11) 32. Ba3 $1
Rxg2+ $8 33. Kxg2 Bxe4+ $8 34. Kg3 Qxa3 $8 35. Bxf7+ Kh7 36. Bg8+ {[#]} Kg6 $8
{This would get mated if White's Q wasn't pinned along the third rank.} (36...
Kh8 $4 37. Qxa3 Bxa3 38. Rd8 $18) 37. Bf7+ Kf6 38. Rf1+ Bf5 39. Qxa3 Bxa3 40.
Bd5 Bb4 $11 41. h4 h5 42. Be4 g6 43. Kf3 Bd7 44. Bc2 Bh3 45. Rg1 Bg4+ 46. Rxg4
hxg4+ 1/2-1/2